Latin American Theatre Review : Spring 1976 /
Revista dedicada a la crítica del teatro latinoamericano desde el punto de vista tanto escénico como literario.
保存先:
| その他の著者: | |
|---|---|
| フォーマット: | 図書 |
| 言語: | スペイン語 |
| 出版事項: |
Kansas, EUA :
University of Kansas, Center of Latin American Studies,
1976, c1976
|
| 主題: | |
| タグ: |
タグなし, このレコードへの初めてのタグを付けませんか!
|
MARC
| LEADER | 00000nam^a2200000^a^4500 | ||
|---|---|---|---|
| 001 | 000113212 | ||
| 005 | 20250521000000.0 | ||
| 009 | 20260310093934.465 | ||
| 037 | |a Acervo ITESO - Biblioteca | ||
| 041 | |a ESP | ||
| 082 | |a 792. 05 |b LAT V.9 T. 2 | ||
| 240 | 1 | 1 | |a [Latin American Theatre Review] |
| 245 | 1 | 0 | |a Latin American Theatre Review : |b Spring 1976 / |c Ed. de G.W. Woodyard. |
| 264 | 4 | |a Kansas, EUA : |b University of Kansas, Center of Latin American Studies, |c 1976, c1976 | |
| 300 | |a 106 p. | ||
| 336 | |a texto |b txt |2 rdacontenido | ||
| 337 | |a sin mediación |b n |2 rdamedio | ||
| 338 | |a volumen |b nc |2 rdasoporte | ||
| 520 | |a Revista dedicada a la crítica del teatro latinoamericano desde el punto de vista tanto escénico como literario. | ||
| 546 | |a Edición trilingüe español-inglés-portugués | ||
| 649 | |a XX | ||
| 650 | |a Teatro Latinoamericano - |x Publicaciones Periódicas | ||
| 650 | |a Publicaciones Periódicas Norteamericanas | ||
| 650 | |a Escritores Mexicanos - |x Entrevistas | ||
| 650 | |a Escritores Brasileños | ||
| 650 | |a Escritores Puertorriqueños | ||
| 650 | |a Escritores Peruanos | ||
| 650 | |a Teatro Mexicano - |x Historia y Crítica | ||
| 650 | |a Literatura Mexicana - |y Siglo XX | ||
| 650 | |a Artes Escénicas - |z México | ||
| 650 | |a Teatro Brasileño | ||
| 650 | |a Artes Escénicas - |z Brasil - |x Historia y Crítica | ||
| 650 | |a Cultura - |z Brasil - |x Historia | ||
| 650 | |a Teatro Puertorriqueño - |x Historia y Crítica | ||
| 650 | |a Literatura Puertorriqueña - |y Siglo XX | ||
| 650 | |a Artes Escénicas - |z Latinoamérica | ||
| 650 | |a Artes Escénicas - |x Historia y Crítica | ||
| 650 | |a Teatro Latinoamericano - |x Historia y Crítica | ||
| 650 | |a Literatura Latinoamericana - |x Historia y Crítica | ||
| 650 | |a Leñero, Vicente | ||
| 650 | |a Marqués, René | ||
| 650 | |a Alegría, Alonso | ||
| 650 | |a Coelho Neto, Henrique | ||
| 650 | |a Hernández, Luisa Josefina | ||
| 700 | |a Woodyard, George W. |e (edición) | ||
| 910 | |a Fondo Salvador Reynoso Reynoso | ||
| 920 | |a Impresos - Libros | ||
| 930 | |a Fondos Especiales | ||
| 905 | |a 112 | ||
| 901 | |a 0800003768 |b IT2 |c ESP |u 20250521 | ||
| 902 | |a https://opac.biblio.iteso.mx/vufind/Record/000113212 | ||